Resultados electorales 2010: viraje del modelo de sociedad y resistencia = Election results 2010: turning the model of society and resistance /
Este artículo tiene como objetivo analizar los resultados del proceso electoral como parte de un proceso de reconfiguración del poder político y económico, que ha estado llevando a la modificación del modelo de sociedad costarricense. En la sección primera se resumen los principales cambios económic...
Guardado en:
| Hovedforfatter: | |
|---|---|
| Format: | Texto |
| Fag: | |
| Tags: |
Tilføj Tag
Ingen Tags, Vær først til at tagge denne postø!
|
MARC
| LEADER | 00000 a a2200000 04500 | ||
|---|---|---|---|
| 001 | 44212 | ||
| 003 | |||
| 040 | |||
| 100 | |a Jiménez Gómez, Roberto | ||
| 245 | |a Resultados electorales 2010: viraje del modelo de sociedad y resistencia = |b Election results 2010: turning the model of society and resistance / |c Roberto Jiménez Gómez | ||
| 500 | |a robertojg@racsa.co.cr | ||
| 520 | |a Este artículo tiene como objetivo analizar los resultados del proceso electoral como parte de un proceso de reconfiguración del poder político y económico, que ha estado llevando a la modificación del modelo de sociedad costarricense. En la sección primera se resumen los principales cambios económicos y sociopolíticos que ha tenido el país. Entre la segunda y tercer sección se contextualizan los resultados de la elección del 2010, para concluir, con una cuarta sección, con los principales criterios que explican el resultado electoral. | ||
| 590 | |a RRH/ENERO2013 | ||
| 650 | |a 1.ELECCIONES | ||
| 650 | |a 2.PARTIDOS POLITICOS | ||
| 650 | |a 3.ESTRUCTURA ECONOMICA | ||
| 650 | |a 4.ESTRUCTURA SOCIAL | ||
| 650 | |a 5.CAMBIOS SOCIALES | ||
| 650 | |a 6.COSTA RICA | ||
| 740 | |a Costa Rica: elecciones nacionales 2010: |b una mirada a su democracia | ||
| 773 | |g número130 ( , 2010), páginas 45-63 : tablas, gráficos | ||
| 999 | |c 28228 |d 28228 | ||
| 773 | 0 | |0 18728 |9 3017 |a Universidad de Costa Rica |d San José, Costa Rica Editorial UCR 1956- |o 15060 |t Revista de Ciencias Sociales/ |x 04825276 | |
